| 000 | 00646cam a2200253 4500 | ||
|---|---|---|---|
| 001 | |||
| 008 | 090401t1998 xxu||||| |||| 00| 0 eng d | ||
| 020 | _a1860812686 | ||
| 035 | _a(Sirsi) u92748 | ||
| 041 | _aeng | ||
| 050 | _a690 | ||
| 110 | _aBuilding Research Establishment | ||
| 245 | _aImproving ventilation in housing. | ||
| 260 |
_aGarston, Watford _bBuilding Research Establishment _c1998 |
||
| 300 | _a6p. ; 30cm. | ||
| 350 | _a0 | ||
| 490 |
_aBRE Good Repair Guide _v21 |
||
| 650 | _aDAMP | ||
| 650 | _aMECHANICAL VENTILATION | ||
| 650 | _aVENTILATION | ||
| 690 | _aBUILT ENVIRONMENT | ||
| 942 | _n0 | ||
| 948 | _c15/04/1999 | ||
| 999 |
_c97779 _d97779 |
||